书目信息 |
| 题名: |
电子技术实验与课程设计
|
|
| 作者: | 李震梅 , 房永钢 主编 | |
| 分册: | ||
| 出版信息: | 北京 机械工业出版社 2011 |
|
| 页数: | 193页 | |
| 开本: | 26cm | |
| 丛书名: | ||
| 单 册: | ||
| 中图分类: | TN01-33 | |
| 科图分类: | ||
| 主题词: | 电子技术--实验--高等教育--教材 , 电子技术--课程设计--高等教育--教材 , 电子技术 , 课程设计 | |
| 电子资源: | ||
| ISBN: | 978-7-111-32600-7 | |
| 000 | 01210nam0 22003131 450 | |
| 001 | 524 | |
| 005 | 20140910085559.48 | |
| 010 | @a978-7-111-32600-7@dCNY25.00 | |
| 100 | @a20110331d2011 em y0chiy50 ea | |
| 101 | 0 | @achi |
| 102 | @aCN@b110000 | |
| 105 | @aa z 000yy | |
| 106 | @ar | |
| 200 | 1 | @a电子技术实验与课程设计@ADian Zi Ji Shu Shi Yan Yu Ke Cheng She Ji@f李震梅,房永钢主编@FLi Zhen Mei, Fang Yong Gang Zhu Bian |
| 210 | @a北京@c机械工业出版社@d2011 | |
| 215 | @a193页@c图@d26cm | |
| 300 | @a普通高等教育电气工程与自动化(应用型)“十二五”规划教材 | |
| 312 | @a封面英文题名:Electronic technology experiment and course design | |
| 330 | @a本书内容包括:模拟电子技术基础实验、模拟电子技术基础课程设计、数字电子技术基础实验、数字电子技术基础课程设计和电子技术综合设计。 | |
| 510 | 1 | @aElectronic technology experiment and course design@zeng |
| 606 | 0 | @a电子技术@x实验@x高等教育@j教材 |
| 606 | 0 | @a电子技术@x课程设计@x高等教育@j教材 |
| 606 | 0 | @a电子技术 |
| 606 | 0 | @a课程设计 |
| 690 | @aTN01-33@v5 | |
| 701 | 0 | @a李震梅@ALi Zhen Mei@g(女,@f1965.2~)@4主编 |
| 701 | 0 | @a房永钢@AFang Yong Gang@4主编 |
| 801 | 0 | @aCN@bTANGWEI@c20140603 |
| 905 | @b0837207-09@dTN01-33@e106@f3 | |
| 电子技术实验与课程设计/李震梅,房永钢主编.-北京:机械工业出版社,2011 |
| 193页:图;26cm |
| 普通高等教育电气工程与自动化(应用型)“十二五”规划教材 |
| ISBN 978-7-111-32600-7:CNY25.00 |
| 本书内容包括:模拟电子技术基础实验、模拟电子技术基础课程设计、数字电子技术基础实验、数字电子技术基础课程设计和电子技术综合设计。 |
| ● |
| 相关链接 |
|
|
|
|
正题名:电子技术实验与课程设计
索取号:TN01-33/106
 
预约/预借
| 序号 | 登录号 | 条形码 | 馆藏地/架位号 | 状态 | 备注 |
| 1 | 0837207 | 208372072 | 第二样本阅览室/ [索取号:TN01-33/106] | 在馆 | |
| 2 | 0837208 | 208372081 | 密集书库-物理学院/ [索取号:TN01-33/106] | 在馆 | |
| 3 | 0837209 | 208372090 | 第三借阅区/ [索取号:TN01-33/106] | 在馆 |